Post Harvest Physiology And Quality Management Of Fruits And Vegetables (Record no. 220)

MARC details
000 -LEADER
fixed length control field 00382nam a22001577a 4500
020 ## - INTERNATIONAL STANDARD BOOK NUMBER
International Standard Book Number 978-81-8321-370-7
041 ## - LANGUAGE CODE
Language code of text/sound track or separate title ENG
100 ## - MAIN ENTRY--PERSONAL NAME
Personal name Kumar P.S
245 ## - TITLE STATEMENT
Title Post Harvest Physiology And Quality Management Of Fruits And Vegetables
250 ## - EDITION STATEMENT
Edition statement 2 nd
260 ## - PUBLICATION, DISTRIBUTION, ETC. (IMPRINT)
Place of publication, distribution, etc India
Name of publisher, distributor, etc S .Chand
Date of publication, distribution, etc 2014
300 ## - PHYSICAL DESCRIPTION
Extent 416
650 ## - SUBJECT ADDED ENTRY--TOPICAL TERM
Topical term or geographic name as entry element APE
700 ## - ADDED ENTRY--PERSONAL NAME
Personal name Sagar.V.R , Kanwat.M
856 ## - ELECTRONIC LOCATION AND ACCESS
Uniform Resource Identifier APE
Holdings
Withdrawn status Lost status Source of classification or shelving scheme Damaged status Not for loan Home library Current library Date acquired Cost, normal purchase price Total Checkouts Barcode Date last seen Date checked out Price effective from Koha item type Checked out Shelving location
    Dewey Decimal Classification     College of Agricultural Engineering and Technology, Dapoli , Library College of Agricultural Engineering and Technology, Dapoli , Library 22/01/2021 2200.00 1 007837 27/03/2023 23/03/2023 22/01/2021 Books    
    Dewey Decimal Classification     College of Agricultural Engineering and Technology, Dapoli , Library College of Agricultural Engineering and Technology, Dapoli , Library 22/01/2021 2200.00 16 007838 06/04/2026 06/04/2026 22/01/2021 Books 14/04/2026  
    Dewey Decimal Classification     College of Agricultural Engineering and Technology, Dapoli , Library College of Agricultural Engineering and Technology, Dapoli , Library 29/09/2021 1500.00 15 005892 09/04/2026 09/04/2026 29/09/2021 Books 17/04/2026 Book Cart
    Dewey Decimal Classification     College of Agricultural Engineering and Technology, Dapoli , Library College of Agricultural Engineering and Technology, Dapoli , Library 29/09/2021 1500.00   005893 29/09/2021   29/09/2021 Books   Book Cart
    Dewey Decimal Classification     College of Agricultural Engineering and Technology, Dapoli , Library College of Agricultural Engineering and Technology, Dapoli , Library 29/09/2021 1500.00 16 005137 15/04/2026 08/04/2026 29/09/2021 Books   Book Cart
    Dewey Decimal Classification     College of Agricultural Engineering and Technology, Dapoli , Library College of Agricultural Engineering and Technology, Dapoli , Library 30/08/2022 2200.00 6 008073 02/04/2026 13/03/2026 30/08/2022 Books   Book Cart

Contact Us: College of Agricultural Engineering and Technology, Dapoli, Dist.- Ratnagiri
Website: https://dbskkv.org Email: caetlibrary2015@gmail.com